[Event "Latin Cup Final"]
[Site "Bogota"]
[Date "1991.??.??"]
[Round "2"]
[White "Henao, Raul Fernando"]
[Black "Garcia, Gildardo"]
[Result "1-0"]
[WhiteElo "2380"]
[BlackElo "2445"]

1.e4 e5 2.Nf3 Nc6 3.Bb5 a6 4.Ba4 Nf6 5.O-O b5 6.Bb3 Bb7 7.Re1 Bc5 8.c3 d6
9.d4 Bb6 10.Be3 O-O 11.Nbd2 Qb8 12.d5 Na5 13.Bxb6 cxb6 14.Bc2 Nc4 15.b3 Nxd2
16.Qxd2 Qc7 17.Nh4 Bc8 18.Bd3 Qe7 19.Bf1 Bd7 20.Nf3 Bg4 21.Qe3 Bxf3 22.Qxf3 Rfc8
23.a4 bxa4 24.Rxa4 Qc7 25.Bxa6 Qxc3 26.Qxc3 Rxc3 27.Bb5 Ra5 28.Rc4 Nxe4 29.Bc6 Rxc4
30.bxc4 Nd2 31.Bb5 f5 32.f3 Ra2 33.h4 Kf7 34.Kh1 Kf6 35.Re2 f4 36.g4 e4 37.fxe4  1-0

[Event "Latin Cup"]
[Site "Bogota"]
[Date "1991.??.??"]
[Round "6"]
[White "Henao, Raul Fernando"]
[Black "Garcia, Gildardo"]
[Result "1-0"]
[WhiteElo "2380"]
[BlackElo "2445"]

1.e4 e5 2.Nf3 Nc6 3.Bb5 a6 4.Ba4 Nf6 5.O-O b5 6.Bb3 Bb7 7.c3 Nxe4 8.d4 exd4
9.Re1 Na5 10.Nbd2 d5 11.Bxd5 Bxd5 12.Nxe4 Be7 13.Bg5 O-O 14.Bxe7 Qxe7 15.Qxd4 Rad8
16.Ng3 Qf6 17.Qxf6 gxf6 18.Nd4 c5 19.Ndf5 Be6 20.Ne3 Rd2 21.b3 f5 22.Nexf5 Rfd8
23.Ne3 c4 24.b4 Nb7 25.a4 Nd6 26.axb5 Nxb5 27.Ne4 R2d3 28.Nc5 Rxc3 29.Nxe6 fxe6
30.Rxa6 Nd4 31.h3 Rc8 32.Ra7 Nc6 33.Rb7 Ne5 34.b5 Rb3 35.b6 Rc6 36.Ra1 Rc8
37.Rc7 Rb8 38.Ra5 Nd3 39.Kh2 Nxf2 40.Nxc4 Rb1 41.Rg5+ Kh8 42.Rgg7 Rh1+ 43.Kg3 Ne4+
44.Kh4 Nf6 45.Rgf7 Nd5 46.Rxh7+ Kg8 47.Rcg7+ Kf8 48.Ne5  1-0

[Event "Latin Cup"]
[Site "Bogota"]
[Date "1991.??.??"]
[Round "9"]
[White "Hernandez, Roman"]
[Black "Garcia, Gildardo"]
[Result "0-1"]
[WhiteElo "2445"]
[BlackElo "2445"]

1.e4 e5 2.Nf3 Nc6 3.Bb5 a6 4.Ba4 Nf6 5.O-O b5 6.Bb3 Bb7 7.d3 Bd6 8.a4 O-O
9.Nc3 b4 10.Ne2 h6 11.Ng3 Re8 12.Nh4 Nd4 13.Bc4 Bf8 14.c3 Ne6 15.Nhf5 d5
16.exd5 Bxd5 17.Bxd5 Qxd5 18.cxb4 Nf4 19.Ne3 Qxd3 20.Bd2 Ne4 21.Nxe4 Qxe4
22.Rc1 Rad8 23.Rxc7 Rd3 24.Rc4 Qb7 25.Qc2 Rxe3 26.Rxf4 exf4 27.fxe3 fxe3
28.Re1 Bxb4 29.Rxe3 Qb6 30.Kf2 Bc5 31.Qc3 Bd4 32.Ke2 Bxe3 33.Bxe3 Qe6 34.Kf2 Qf5+
35.Kg3 Qe4 36.Bd4 Re6 37.Kf2  0-1

[Event "Borsodtavho"]
[Site "Borsodtavho"]
[Date "1991.??.??"]
[Round "10"]
[White "Luther, Thomas"]
[Black "Manor, Ilan"]
[Result "0-1"]
[WhiteElo "2470"]
[BlackElo "2445"]

1.e4 e5 2.Nf3 Nc6 3.Bb5 a6 4.Ba4 Nf6 5.O-O b5 6.Bb3 Bb7 7.c3 Nxe4 8.d4 Na5
9.Bc2 exd4 10.b4 Nc4 11.Bxe4 Bxe4 12.Re1 d5 13.Nxd4 c5 14.bxc5 Bxc5 15.f3 O-O
16.fxe4 dxe4 17.Rxe4 Qd5 18.Qf3 Ne5 19.Qf5 Rae8 20.Nd2 g6 21.Qh3 f5 22.Rh4 g5
23.Qg3 Ng6 24.Qxg5 Be7  0-1

[Event "Brno Morava-A"]
[Site "Brno"]
[Date "1991.??.??"]
[Round "5"]
[White "Mokry, Karel"]
[Black "Shirov, Alexei"]
[Result "1-0"]
[WhiteElo "2525"]
[BlackElo "2610"]

1.e4 e5 2.Nf3 Nc6 3.Bb5 a6 4.Ba4 Nf6 5.O-O b5 6.Bb3 Bb7 7.d3 Be7 8.Nc3 O-O
9.Re1 d6 10.a4 Na5 11.axb5 axb5 12.Nxb5 Nxb3 13.Rxa8 Bxa8 14.cxb3 h6 15.Qc2 c5
16.Na3 Ne8 17.Bd2 Qb8 18.Nc4 Nc7 19.b4 cxb4 20.d4 Ne6 21.dxe5 d5 22.exd5 Bxd5
23.Ne3 Bxf3 24.Nf5 Bc5 25.gxf3 Rd8 26.Bc1 b3 27.Qe4 h5 28.Kg2 g6 29.Nh6+ Kg7
30.Qh4 Qc7 31.Qf6+ Kf8 32.Be3 Bxe3 33.Rxe3 Ke8 34.Rxb3 Rd2 35.Ng8 Kf8 36.Ne7 Ke8
37.Nxg6 Rd8 38.Rc3 Qb7 39.Qh8+ Kd7 40.Rd3+ Kc7 41.Rxd8 Nxd8 42.Nf4  1-0

[Event "Brno Morava-C"]
[Site "Brno"]
[Date "1991.??.??"]
[Round "9"]
[White "Salai, Ladislav"]
[Black "Michalek, Jan"]
[Result "1-0"]
[WhiteElo "2380"]
[BlackElo "2320"]

1.e4 e5 2.Nf3 Nc6 3.Bb5 a6 4.Ba4 Nf6 5.O-O b5 6.Bb3 Bb7 7.Re1 Bc5 8.c3 d6
9.d4 Bb6 10.Bg5 h6 11.Bh4 g5 12.Bg3 O-O 13.Qd3 Nh5 14.Nbd2 Qf6 15.Bd5 Nxg3
16.hxg3 g4 17.Nh2 h5 18.Nb3 exd4 19.Bxc6 Bxc6 20.cxd4 Rad8 21.Qc2 Bd7 22.Rad1 Rfe8
23.Nf1 a5 24.Qd2 a4 25.Nc1 Kg7 26.Ne2 Rh8 27.Nf4 c6 28.e5 dxe5 29.dxe5 Qh6
30.Qc3 Be8 31.Rd6 Rxd6 32.exd6+ Qf6 33.Re5 Bd8 34.Nxh5+ Rxh5 35.Rxh5 Qxc3
36.bxc3 f6 37.Rf5 Bd7 38.Rf4 Ba5 39.Re4 Bf5 40.Re7+ Kf8 41.Ne3 Bb1 42.Nxg4 Bxc3
43.Re3 Ba5 44.Nxf6 Bxa2 45.Nd7+ Kg7 46.Nc5 Bd5 47.g4 Bb6 48.d7 a3 49.Rxa3 Bxc5
50.d8=Q Bxa3 51.g5 Bb2 52.f4  1-0

[Event "Honved"]
[Site "Budapest"]
[Date "1991.??.??"]
[Round "?"]
[White "Almasi, Zoltan"]
[Black "Stern, Rene"]
[Result "1/2-1/2"]
[WhiteElo "2400"]
[BlackElo "2360"]

1.e4 e5 2.Nf3 Nc6 3.Bb5 a6 4.Ba4 Nf6 5.O-O b5 6.Bb3 Bb7 7.c3 Nxe4 8.d4 Na5
9.Bc2 exd4 10.Bxe4 Bxe4 11.Re1 d5 12.b4 Nc4 13.Nxd4 c5 14.bxc5 Bxc5 15.f3 O-O
16.fxe4 dxe4 17.Kh1 Re8 18.a3 e3 19.Ra2 Re4 20.Qf3 Qe7 21.Nf5 Qe8 22.Rae2 Rd8
23.h3 Rd3 24.Ng3 Re5 25.Nh5 f6 26.Nf4 Rd6 27.Rf1 g5 28.Nh5 f5 29.Rfe1 Rh6
30.Ng3 f4 31.Nf1 Nd6 32.Bxe3 fxe3 33.Nxe3 Rhe6 34.Ng4 Rxe2 35.Rxe2 Kg7 36.Re5 Qg6
37.Rxc5 Qxb1+ 38.Kh2 Qc1 39.Rc7+ Kg6 40.Rc6 Qf4+ 41.Qxf4 gxf4 42.Rxa6 Kf5
43.a4 bxa4  1/2-1/2

[Event "Escom IM-A"]
[Site "Budapest"]
[Date "1991.??.??"]
[Round "2"]
[White "Feher, Gyula"]
[Black "Petronic, Jovan"]
[Result "1-0"]
[WhiteElo "2375"]
[BlackElo "2355"]

1.e4 e5 2.Nf3 Nc6 3.Bb5 a6 4.Ba4 Nf6 5.O-O b5 6.Bb3 Bb7 7.c3 Nxe4 8.d4 Na5
9.Nxe5 Nxb3 10.Qxb3 Qf6 11.f3 Nd6 12.Nd2 Qe6 13.Qd1 O-O-O 14.Nb3 Nc4 15.Nxc4 Qxc4
16.Na5 Qd5 17.Nxb7 Kxb7 18.Bf4 Bd6 19.Bxd6 Qxd6 20.a4 Qd5 21.axb5 axb5 22.Qd3 g6
23.b3 Qf5 24.Qxf5 gxf5 25.Ra5 c6 26.Rfa1 Kc7 27.c4 Rb8 28.c5 Rhe8 29.Kf2 f4
30.Ra7+ Kd8 31.Rd1 Re3 32.d5 Ke8 33.b4 Rb3 34.Re1+ Kf8 35.Rxd7 cxd5 36.c6 Rb2+
37.Kf1 Rc8 38.c7 Kg7 39.Ree7 Rc2 40.Rxf7+ Kg6 41.h4 Rc1+ 42.Kf2 Rc4 43.Kg1 h6
44.h5+ Kxh5 45.Rg7 Rd4 46.Rdf7  1-0

[Event "Cansys IM-B"]
[Site "Budapest"]
[Date "1991.??.??"]
[Round "3"]
[White "Sziva, Erika"]
[Black "Vujosevic, Vladimir"]
[Result "1/2-1/2"]
[WhiteElo "2245"]
[BlackElo "2380"]

1.e4 e5 2.Nf3 Nc6 3.Bb5 a6 4.Ba4 Nf6 5.O-O b5 6.Bb3 Bb7 7.Re1 Bc5 8.c3 d6
9.d4 Bb6 10.Bg5 h6 11.Bh4 Qd7 12.a4 O-O-O 13.axb5 axb5 14.Na3 g5 15.Bg3 h5
16.dxe5 h4 17.exf6 hxg3 18.hxg3 Rh6 19.Nc2 Rdh8 20.Kf1 Rxf6 21.Qd2 g4 22.Nfd4 Ne5
23.Qg5 Qd8 24.Nf5 Rh1+ 25.Ke2 Rxe1+ 26.Nxe1 Bxe4 27.Bc2 Bb7 28.Kf1 Re6 29.Qxd8+ Kxd8
30.Nd4 Rf6 31.Nd3 Nxd3 32.Bxd3 b4 33.Nf5 bxc3 34.bxc3 Re6 35.Nd4 Re5 36.Rb1 Bd5
37.Rb2 Ba5 38.Rc2 c5 39.Nb5 c4 40.Be2 Be4 41.Rb2 Ke7 42.Bxc4 Rc5 43.Be2 Bxc3
44.Nxc3 Rxc3 45.Bxg4 Rc1+  1/2-1/2

[Event "Escom IM-A"]
[Site "Budapest"]
[Date "1991.??.??"]
[Round "4"]
[White "Rosenthal, Dirk"]
[Black "Petronic, Jovan"]
[Result "0-1"]
[WhiteElo "2345"]
[BlackElo "2355"]

1.e4 e5 2.Nf3 Nc6 3.Bb5 a6 4.Ba4 Nf6 5.O-O b5 6.Bb3 Bb7 7.c3 Nxe4 8.d4 Na5
9.Bc2 exd4 10.Re1 d5 11.Nxd4 c5 12.Nf5 g6 13.Ng3 Be7 14.Bh6 Qd7 15.a4 Nc4
16.axb5 axb5 17.Rxa8+ Bxa8 18.b3 Nb6 19.Na3 f5 20.Qe2 Kf7 21.Nxe4 dxe4 22.Nxb5 Bc6
23.c4 Rd8 24.Be3 Nd5 25.Rd1 Bxb5 26.cxb5 Qe6 27.Bd2 Bf6 28.Qc4 Nb6 29.Qxe6+ Kxe6
30.Ba5 Rb8 31.f3 Bd4+ 32.Kf1 Nd5 33.Ke1 Ne3 34.Rc1 Nxc2+ 35.Rxc2 Rxb5 36.Bd8 Rxb3
37.fxe4 fxe4 38.Ke2 Rb1 39.Bc7 Rg1 40.g3 Rh1 41.h4 Rh2+ 42.Kd1 Rxc2  0-1

[Event "Cansys IM-A"]
[Site "Budapest"]
[Date "1991.??.??"]
[Round "13"]
[White "Rosenthal, Dirk"]
[Black "Petronic, Jovan"]
[Result "1-0"]
[WhiteElo "2345"]
[BlackElo "2355"]

1.e4 e5 2.Nf3 Nc6 3.Bb5 a6 4.Ba4 Nf6 5.O-O b5 6.Bb3 Bb7 7.c3 Nxe4 8.d4 Na5
9.Bc2 exd4 10.Bxe4 Bxe4 11.Re1 d5 12.Nxd4 c5 13.f3 cxd4 14.fxe4 Be7 15.Qg4 Qd7
16.Qxg7 O-O-O 17.Qxd4 Qc6 18.exd5 Qc7 19.b4 Nc4 20.a4 Bd6 21.axb5 Rhe8 22.Rf1 a5
23.Bg5 Bxh2+ 24.Kh1 Rd7 25.b6 Nxb6 26.Rxa5 Be5 27.Qd3 Kb8 28.Rb5 Rd6 29.Na3 Rg8
30.Rf5 Rxg5 31.c4 Rxf5 32.Qxf5 Qe7 33.Qh5 Qf6 34.Kg1 Bd4+ 35.Kh2 Be5+ 36.Kh3 Qf4
37.Qh4 Rg6 38.Qxf4 Bxf4  1-0

[Event "GEBA"]
[Site "Buenos Aires"]
[Date "1991.??.??"]
[Round "3"]
[White "Van Riemsdijk, Herman C"]
[Black "Negri, Sergio"]
[Result "1/2-1/2"]
[WhiteElo "2450"]
[BlackElo "2320"]

1.e4 e5 2.Nf3 Nc6 3.Bb5 a6 4.Ba4 Nf6 5.O-O b5 6.Bb3 Bb7 7.d3 Be7 8.Nc3 d6
9.Nd5 Na5 10.Nxe7 Nxb3 11.axb3 Qxe7 12.Nh4 Bc8 13.f4 Nxe4 14.dxe4 Qxh4 15.Qd5 Rb8
16.Qc6+ Kd8 17.Qd5 Qh5 18.fxe5 Be6 19.Qd3 Qxe5 20.Rxa6 Bc8 21.Bf4 Qe6 22.Ra5 f6
23.Re1 Re8 24.Rxb5 Rxb5 25.Qxb5 Qg4 26.Bg3 Rxe4 27.Rxe4 Qxe4 28.Qd3 Qxd3
29.cxd3 Bf5 30.d4 Be4 31.Be1 Kd7 32.Kf2 Bd5 33.b4 h5 34.g3 Ke6 35.b5  1/2-1/2

[Event "Buenos Aires Najdorf"]
[Site "Buenos Aires"]
[Date "1991.??.??"]
[Round "3"]
[White "Adams, Michael"]
[Black "Milos, Gilberto"]
[Result "0-1"]
[WhiteElo "2600"]
[BlackElo "2530"]

1.e4 e5 2.Nf3 Nc6 3.Bb5 a6 4.Ba4 Nf6 5.O-O b5 6.Bb3 Bb7 7.d3 Be7 8.c4 O-O
9.Nc3 bxc4 10.Bxc4 d6 11.a3 Nd4 12.Be3 c5 13.Rb1 Bc8 14.b4 Bg4 15.Bxd4 cxd4
16.Nd5 Nxd5 17.Bxd5 Rb8 18.h3 Bd7 19.Nd2 Kh8 20.Qb3 Bg5 21.Nc4 Bf4 22.Qd1 Qh4
23.Qe2 Qh6 24.Rb2 f5 25.g3 Bc1 26.Rxc1 Qxc1+ 27.Kh2 f4 28.Rc2 fxg3+ 29.fxg3 Qh6
30.h4 Rf6 31.Qd2 Qh5 32.Qe2 Bg4 33.Qd2 h6 34.Na5 Rbf8 35.Nc6 Rf1 36.Ne7 Bd1  0-1

[Event "Buenos Aires Konex"]
[Site "Buenos Aires"]
[Date "1991.??.??"]
[Round "8"]
[White "Djuric, Stefan"]
[Black "Oblitas, Carlomagno"]
[Result "0-1"]
[WhiteElo "2540"]
[BlackElo "2350"]

1.e4 e5 2.Nf3 Nc6 3.Bb5 a6 4.Ba4 Nf6 5.O-O b5 6.Bb3 Bb7 7.d3 Be7 8.Nc3 d6
9.a4 b4 10.Nd5 Nxd5 11.Bxd5 Rb8 12.Be3 O-O 13.Nd2 Na5 14.Bxb7 Rxb7 15.f4 exf4
16.Bxf4 Bf6 17.Qh5 c5 18.Rab1 Re7 19.b3 Re6 20.Rf3 Nc6 21.Rh3 h6 22.Nc4 Bg5
23.Bxg5 Qxg5 24.Qxg5 hxg5 25.Rf3 Ne5 26.Rf5 Nxc4 27.bxc4 Re5 28.Rxe5 dxe5
29.a5 Rd8 30.Kf2 Kf8 31.Ke3 Ke7 32.h3 g6 33.g4 Rh8 34.Rh1 Ke6 35.Kf3 f5 36.Rh2 Rh7
37.gxf5+ gxf5 38.exf5+ Kxf5 39.Kg3 Rh4 40.Rf2+ Rf4 41.Rf3 Kg6 42.Re3 Kf6
43.Re1 Kf5 44.Re3 e4 45.Re1 exd3 46.cxd3 Rd4 47.Rd1 Ke5 48.Re1+ Kf5 49.Rf1+ Kg6
50.Rd1 Rf4 51.Re1 Kf6 52.Kg2 Rd4 53.Rd1 Ke5 54.Re1+ Kf4 55.Re6 Rxd3 56.Rf6+ Ke3
57.Rxa6 Ra3 58.Kg3 Kd4+ 59.Kg4 Kxc4 60.Ra8 b3 61.a6 b2 62.Rb8 Kc3 63.Kxg5 Rxa6
64.h4 Ra1  0-1

[Event "Buenos Aires Konex"]
[Site "Buenos Aires"]
[Date "1991.??.??"]
[Round "8"]
[White "Slipak, Sergio"]
[Black "Toth, Christian Endre"]
[Result "0-1"]
[WhiteElo "2415"]
[BlackElo "2305"]

1.e4 e5 2.Nf3 Nc6 3.Bb5 a6 4.Ba4 Nf6 5.O-O b5 6.Bb3 Bb7 7.Qe2 Bc5 8.c3 d6
9.Rd1 Bb6 10.d4 Qe7 11.a4 O-O 12.Bg5 exd4 13.Bc2 h6 14.Bh4 g5 15.Bg3 dxc3
16.bxc3 Nh5 17.Nbd2 Nxg3 18.hxg3 Qf6 19.Nb3 Qxc3 20.e5 Nb4 21.Bh7+ Kxh7 22.Nxg5+ Kg8
23.Nd4 Bxd4 24.Qg4 Bxf2+ 25.Kxf2 Qc2+ 26.Ke3 hxg5  0-1

[Event "GEBA"]
[Site "Buenos Aires"]
[Date "1991.??.??"]
[Round "10"]
[White "Schweber, Samuel"]
[Black "Negri, Sergio"]
[Result "1/2-1/2"]
[WhiteElo "2375"]
[BlackElo "2320"]

1.e4 e5 2.Nf3 Nc6 3.Bb5 a6 4.Ba4 Nf6 5.O-O b5 6.Bb3 Bb7 7.Re1 Bc5 8.c3 O-O
9.d4 Bb6 10.d5 Na5 11.Bc2 d6 12.Nbd2 c6 13.b4 Nc4 14.Nxc4 bxc4 15.dxc6 Bxc6
16.Bg5 h6 17.Bh4 Rc8 18.a4 Qe7 19.a5 Ba7 20.Nd2 g5 21.Bg3 Qe6 22.Qf3 Kg7
23.Nf1 h5 24.h4 gxh4 25.Bxh4 Ng4 26.Ne3 Bxe3 27.fxe3 Qh6 28.Qe2 Rce8 29.Qxc4 Nxe3
30.Qd3 Nxc2 31.Qxc2 Qf4 32.Qf2 Qxf2+ 33.Bxf2 f5 34.exf5 Rxf5 35.Be3 Rg8 36.c4 Kf7
37.Ra2 h4 38.Kh2 Ke6 39.Rb2 h3 40.g3 Rf3 41.b5 Bb7 42.Bf2 Ra3 43.bxa6 Bxa6
44.c5 Rxa5 45.cxd6 Kxd6  1/2-1/2

[Event "Cacak-B"]
[Site "Cacak"]
[Date "1991.??.??"]
[Round "11"]
[White "Palkovi, Jozsef"]
[Black "Bodic, Dragan"]
[Result "1/2-1/2"]
[WhiteElo "2460"]
[BlackElo "2300"]

1.e4 e5 2.Nf3 Nc6 3.Bb5 a6 4.Ba4 Nf6 5.O-O b5 6.Bb3 Bb7 7.Re1 Bc5 8.d3 O-O
9.c3 d6 10.Nbd2 h6 11.Nf1  1/2-1/2

[Event "Cappelle op"]
[Site "Cappelle la Grande"]
[Date "1991.??.??"]
[Round "?"]
[White "Howell, James C"]
[Black "Mortazavi, Ali"]
[Result "1/2-1/2"]
[WhiteElo "2455"]
[BlackElo "2280"]

1.e4 e5 2.Nf3 Nc6 3.Bb5 a6 4.Ba4 Nf6 5.O-O b5 6.Bb3 Bb7 7.c3 Nxe4 8.d4 Na5
9.Bc2 exd4 10.b4 Nc4 11.Bxe4 Bxe4 12.Re1 d5 13.Nxd4 c5 14.bxc5 Bxc5 15.f3 O-O
16.fxe4 dxe4 17.Rxe4 Qd5 18.Qd3 f5 19.Re2 Rae8 20.Be3 Ne5 21.Qd1 Ng4 22.Bf2 Rxe2
23.Qxe2 Qd6 24.h3 Qh2+ 25.Kf1 Qh1+ 26.Bg1 Nh2+ 27.Kf2 Ng4+ 28.Kf1 Nh2+ 29.Kf2 Ng4+
30.Kf1 Nh2+  1/2-1/2

[Event "Cappelle op"]
[Site "Cappelle la Grande"]
[Date "1991.??.??"]
[Round "?"]
[White "McDonald, Neil R"]
[Black "Stromer, Alexander"]
[Result "1/2-1/2"]
[WhiteElo "2385"]
[BlackElo "2240"]

1.e4 Nc6 2.Nf3 e5 3.Bb5 a6 4.Ba4 Nf6 5.O-O b5 6.Bb3 Bb7 7.Re1 Bc5 8.c3 O-O
9.d4 Bb6 10.a4 Re8 11.d5 Na5 12.Ba2 c6 13.Bg5 h6 14.Bh4 g5 15.Bg3 cxd5 16.Nxe5 d6
17.Ng4 Nxg4 18.Qxg4 Rxe4 19.Rxe4 dxe4 20.Qf5 d5 21.Nd2 Nc4 22.Bxc4 bxc4 23.Qg4 e3
24.Nf3 exf2+ 25.Kf1 Bc8 26.Qh5 Bf5 27.Rd1 Bd3+ 28.Rxd3 cxd3 29.Qxh6 d2 30.Nxd2 Qe7
31.Nf3 Qe3 32.Qxg5+ Qxg5 33.Nxg5 Rc8 34.Nf3 Rc4 35.Bxf2 Bxf2 36.Kxf2 Rxa4
37.Ne5 Kg7 38.Nd3 Kf6 39.Nb4 d4 40.b3 Ra3 41.cxd4 a5 42.Nc6 Ke6 43.h4 Kd5
44.Ne7+ Kxd4 45.h5 Ke5 46.Nc6+ Kf5 47.g4+ Kxg4 48.h6 Rxb3 49.Ne5+ Kf5 50.Nxf7 a4
51.h7 Rh3 52.Nd6+ Ke5 53.Nb5 Rxh7 54.Ke2 Rd7 55.Na3 Ke6 56.Nc4 Ke7 57.Na3 Kd8
58.Nb1 Kc7 59.Nc3 Rd4 60.Nb5+  1/2-1/2

[Event "POL-ch"]
[Site "Cetniewo"]
[Date "1991.??.??"]
[Round "7"]
[White "Sznapik, Aleksander"]
[Black "Pedzich, Dominik"]
[Result "1/2-1/2"]
[WhiteElo "2445"]
[BlackElo "2400"]

1.e4 e5 2.Nf3 Nc6 3.Bb5 a6 4.Ba4 Nf6 5.O-O b5 6.Bb3 Bb7 7.d3 Be7 8.Nc3 d6
9.a4 b4 10.Nd5 Nxd5 11.Bxd5 O-O 12.a5 Nxa5 13.Rxa5 c6 14.Bxf7+ Rxf7 15.Ra1 Qd7
16.Ng5 Bxg5 17.Bxg5 c5 18.c3 a5 19.Be3 Ra6  1/2-1/2

[Event "National op"]
[Site "Chicago"]
[Date "1991.??.??"]
[Round "6"]
[White "Jonasson, Benedikt"]
[Black "Gertler, David"]
[Result "0-1"]
[WhiteElo "2295"]
[BlackElo "2205"]

1.e4 e5 2.Nf3 Nc6 3.Bb5 a6 4.Ba4 Nf6 5.O-O b5 6.Bb3 Bb7 7.Re1 h6 8.c3 d6
9.d4 g6 10.h3 Bg7 11.Nbd2 O-O 12.Bc2 Nd7 13.Nf1 exd4 14.cxd4 Nb4 15.Bb1 c5
16.d5 a5 17.a3 Na6 18.a4 b4 19.Ne3 Nb6 20.Bd3 Qc7 21.Nc4 Nxc4 22.Bxc4 Rad8
23.Be3 Kh7 24.Qd2 Rfe8 25.Rad1 Nb8 26.Qc2 Nd7 27.Bb5 Re7 28.Nd2 Nf6 29.f3 Bc8
30.Nc4 Nd7 31.f4 Nb6 32.e5 Bf5 33.Qc1 Nxc4 34.Qxc4 Qb8 35.e6 fxe6 36.g4 exd5
37.Qxd5 Be4 38.Qd2 Bf3 39.Bf2 Qb7 40.Bh4 Rxe1+ 41.Rxe1 Rf8 42.Bd3 Qd5 43.Qc2 Qd4+
44.Bf2 Qxb2 45.Bxg6+ Kh8 46.Qd3 Qc3 47.Qxd6 Bb7 48.Be4 Bxe4 49.Rxe4 b3 50.Qxc5 Qxc5
51.Bxc5 b2 52.Re1 Rxf4 53.Ba3 Rxa4 54.Bxb2 Bxb2 55.Re6 Kg7 56.Kg2 Rf4 57.Ra6 Bc3
58.Kg3 Rf6 59.Ra8 Be1+ 60.Kg2 Rf2+ 61.Kg1 Rf7 62.Kg2 h5 63.gxh5 Rf5 64.Ra6 Rxh5
65.Kf1 Bb4 66.Ke2 Rxh3 67.Kd1 Rc3  0-1

[Event "Capablanca mem-B"]
[Site "Cienfuegos"]
[Date "1991.??.??"]
[Round "5"]
[White "Garcia, Gildardo"]
[Black "Diaz, Joaquin C"]
[Result "1/2-1/2"]
[WhiteElo "2445"]
[BlackElo "2430"]

1.e4 e5 2.Nf3 Nc6 3.Bb5 a6 4.Ba4 Nf6 5.O-O b5 6.Bb3 Bb7 7.Re1 Bc5 8.c3 d6
9.d4 Bb6 10.Bg5 h6 11.Bh4 g5 12.Bg3 O-O 13.dxe5 Nxe5 14.Nxe5 dxe5 15.Qf3 Qe7
16.Qf5 Kg7 17.Bxe5 Rfe8 18.Bxf6+ Qxf6 19.Qxf6+ Kxf6 20.Nd2 Re5 21.Re2 Rae8
22.Rae1 Kg7 23.Bc2 g4 24.Nf1 f5 25.Ne3 f4 26.Nf5+ Kh7 27.Kf1 Bc8 28.Nh4 Be6
29.Bb3 f3 30.Rd2 fxg2+ 31.Kxg2 Bxb3 32.Rd7+ Kg8 33.axb3 Rxe4 34.Rxe4 Rxe4
35.Nf5 Kf8 36.Nxh6 Rf4 37.Kg3 Rxf2 38.Rxc7 Rxb2 39.Rc6 Bf2+ 40.Kxg4 Rxb3
41.Kg5 Be3+ 42.Kf6 Rxc3 43.Rd6 Rc8 44.Nf7 Bc1  1/2-1/2

[Event "Capablanca mem-C"]
[Site "Cienfuegos"]
[Date "1991.??.??"]
[Round "6"]
[White "Leyva, Hector"]
[Black "Lugo, Blas"]
[Result "0-1"]
[WhiteElo "2380"]
[BlackElo "2335"]

1.e4 e5 2.Nf3 Nc6 3.Bb5 a6 4.Ba4 Nf6 5.O-O b5 6.Bb3 Bb7 7.Re1 Bc5 8.c3 d6
9.d4 Bb6 10.Bg5 h6 11.Bh4 Qe7 12.Nbd2 g5 13.Bg3 O-O-O 14.d5 Nb8 15.a4 Rdg8
16.axb5 axb5 17.Qe2 Qd7 18.Bc2 h5 19.Bd3 h4 20.Bxe5 dxe5 21.Bxb5 Qe7 22.Nc4 Nfd7
23.Nfd2 g4 24.Nxb6+ Nxb6 25.b4 g3 26.fxg3 hxg3 27.h3 f5 28.Reb1 fxe4 29.c4 Rh4
30.Nxe4 Rgg4 31.Nc5 Rxc4 32.Bxc4 Rxc4 33.Nxb7 Kxb7 34.Qf3 Qg7 35.Ra3 e4 36.Qxg3 Qd4+
37.Kh2 Nxd5 38.b5 Nc3 39.Rba1 Nxb5 40.Ra5 Rc5 41.R1a4 Qd5 42.Qf4 Nc6 43.Ra8 Qe5
44.Rf8 Ncd4 45.Ra2 e3 46.Qxe5 Rxe5 47.Rf1 e2 48.Re1 Nc3 49.Rb2+ Kc6 50.Rd2 Kd5
51.h4 Ke4 52.Kg3 Ke3 53.Rb2 Ne4+ 54.Kh2 Nf2 55.Rc1 c5  0-1

[Event "Politicen Cup"]
[Site "Copenhagen"]
[Date "1991.??.??"]
[Round "?"]
[White "Luther, Thomas"]
[Black "Topalov, Veselin"]
[Result "1/2-1/2"]
[WhiteElo "2470"]
[BlackElo "2455"]

1.e4 e5 2.Nf3 Nc6 3.Bb5 a6 4.Ba4 Nf6 5.O-O b5 6.Bb3 Bb7 7.c3 Nxe4 8.d4 Na5
9.Bc2 exd4 10.b4 Nc4 11.Bxe4 Bxe4 12.Re1 d5 13.Nxd4 c5 14.bxc5 Bxc5 15.f3 O-O
16.fxe4 dxe4 17.Rxe4 Qd5 18.Qf3 b4 19.Nd2 Ne5 20.Qf5 Rae8 21.Bb2 g6 22.Qf2 f5
23.Rxe5  1/2-1/2

[Event "Copenhagen op"]
[Site "Copenhagen"]
[Date "1991.??.??"]
[Round "1"]
[White "Jorgensen, Brian Jorgen"]
[Black "Mikhalchishin, Adrian"]
[Result "0-1"]
[WhiteElo "2240"]
[BlackElo "2530"]

1.e4 e5 2.Nf3 Nc6 3.Bb5 a6 4.Ba4 Nf6 5.O-O b5 6.Bb3 Bb7 7.c3 Nxe4 8.Re1 Nc5
9.Nxe5 Nxe5 10.Rxe5+ Ne6 11.d4 Bd6 12.Rh5 O-O 13.d5 Nf4 14.Rf5 Ng6 15.Bg5 f6
16.Be3 Ne5 17.Rh5 Qe8 18.Nd2 f5 19.Bd4 Nd3 20.Rg5 g6 21.Nf3 Nf4 22.Qd2 Qe2
23.Qxf4 Bxf4 24.d6+ Rf7 25.Re1 Qxe1+ 26.Nxe1 Bxg5 27.Nf3 Bxf3  0-1

[Event "Copenhagen Unibank"]
[Site "Copenhagen"]
[Date "1991.??.??"]
[Round "8"]
[White "Luther, Thomas"]
[Black "Malaniuk, Vladimir P"]
[Result "0-1"]
[WhiteElo "2495"]
[BlackElo "2510"]

1.e4 e5 2.Nf3 Nc6 3.Bb5 a6 4.Ba4 Nf6 5.O-O b5 6.Bb3 Bb7 7.c3 Be7 8.Re1 O-O
9.d4 d6 10.Nbd2 exd4 11.cxd4 Nb4 12.Nf1 a5 13.Ng3 a4 14.Bc2 Nxc2 15.Qxc2 d5
16.e5 Ne4 17.a3 Qd7 18.Be3 Rfc8 19.Red1 b4 20.axb4 Bxb4 21.Nxe4 dxe4 22.Ng5 Bd5
23.Nxe4 Bb3 24.Qd3 Bxd1 25.Rxd1 Be7 26.d5 a3 27.bxa3 Rxa3 28.Qb1 Rca8 29.d6 cxd6
30.exd6 Bd8 31.Nc5 Qc6 32.h3 Bb6 33.Ne4 Bxe3 34.fxe3 h6 35.d7 Rd8 36.Qb4 Ra7
37.Nc5 Rc7 38.Qh4 g5 39.Qe4 Qxc5  0-1

[Event "Cordoba op"]
[Site "Cordoba"]
[Date "1991.??.??"]
[Round "?"]
[White "Rivera, Daniel"]
[Black "Bykhovsky, Avigdor"]
[Result "0-1"]
[WhiteElo "2320"]
[BlackElo "2490"]

1.e4 e5 2.Nf3 Nc6 3.Bb5 a6 4.Ba4 Nf6 5.O-O b5 6.Bb3 Bb7 7.c3 Nxe4 8.d4 Na5
9.Bc2 exd4 10.Bxe4 Bxe4 11.Re1 d5 12.b4 Nc4 13.Nxd4 c5 14.bxc5 Bxc5 15.f3 O-O
16.fxe4 dxe4 17.Rxe4 Qd5 18.Rh4 Rae8 19.Nd2 b4 20.Qh5 Qxh5 21.Rxh5 bxc3 22.Nb3 Bb6
23.Kf1 Rd8 24.Nc6 Rd1+ 25.Ke2 c2 26.Nb4 Re8+ 27.Kf3 Rf1+ 28.Kg4 Re2 29.Kh3 f5
30.Rh4 Ne3 31.Bxe3 Rxe3+ 32.g3 Rxa1 33.Nxc2 Rxa2  0-1

[Event "Correze m"]
[Site "Correze"]
[Date "1991.??.??"]
[Round "2"]
[White "Renet, Olivier"]
[Black "Shirov, Alexei"]
[Result "0-1"]
[WhiteElo "2470"]
[BlackElo "2615"]

1.e4 e5 2.Nf3 Nc6 3.Bb5 a6 4.Ba4 Nf6 5.O-O b5 6.Bb3 Bb7 7.c3 Nxe4 8.d4 Na5
9.Bc2 exd4 10.Nxd4 c5 11.Nf5 Qf6 12.Qf3 Nd6 13.Qe3+ Kd8 14.Qxc5 Ne4 15.Qd4 Qxf5
16.Nd2 Qf6 17.Nxe4 Qxd4 18.cxd4 f6 19.Nc5 Bd5 20.Bf5 g6 21.Be4 Bxe4 22.Nxe4 Be7
23.b3 Nb7 24.Bf4 g5 25.Bd2 Nd6 26.Nc3 Ke8 27.Nd5 Bd8 28.g4 Kf7 29.f4 Ne4
30.Rad1 h6 31.Be1 Rc8 32.Ne3 Bc7 33.Nd5 Bd6 34.Bb4 Ke6 35.Bxd6 Kxd5 36.Bb4 Rc2
37.fxg5 hxg5 38.Rf5+ Kc6 39.d5+ Kb7 40.Re1 Re8 41.Rf3 Rxa2 42.Rfe3 a5 43.Bc5 Rc2
44.Bd4 Nd2 45.Rxe8 Nf3+ 46.Kf1 Nxh2+ 47.Kg1 Nf3+ 48.Kf1 Nxd4 49.Rf8 Nxb3
50.Ree8 Rc5 51.Rb8+ Kc7 52.Rbc8+ Kd6 53.Rxf6+ Kxd5 54.Rd8 b4 55.Rxd7+ Kc4
56.Re6 Nd4 57.Re4 Rd5 58.Rc7+ Kd3 59.Re1 Nf3 60.Ra1 b3 61.Kg2 Nd2  0-1

[Event "Correze m"]
[Site "Correze"]
[Date "1991.??.??"]
[Round "4"]
[White "Renet, Olivier"]
[Black "Shirov, Alexei"]
[Result "0-1"]
[WhiteElo "2470"]
[BlackElo "2615"]

1.e4 e5 2.Nf3 Nc6 3.Bb5 a6 4.Ba4 Nf6 5.O-O b5 6.Bb3 Bb7 7.c3 Nxe4 8.d4 Na5
9.Bc2 exd4 10.Nxd4 c5 11.Nf5 Qf6 12.Qf3 Ng5 13.Qe2+ Ne6 14.Bf4 Nc4 15.Na3 O-O-O
16.Bg3 Nxa3 17.bxa3 g6 18.Qe5 Qxe5 19.Bxe5 gxf5 20.Bxh8 Be7 21.Be5 d6 22.Bg3 f4
23.a4 Bf6 24.Rab1 fxg3 25.fxg3 Bxc3 26.Rxf7 Nd4 27.Bxh7 Bd5 28.Rf2 b4 29.Bg6 Nc6
30.Kh1 Ne5 31.Bf5+ Kc7  0-1

[Event "Correze m"]
[Site "Correze"]
[Date "1991.??.??"]
[Round "6"]
[White "Renet, Olivier"]
[Black "Shirov, Alexei"]
[Result "0-1"]
[WhiteElo "2470"]
[BlackElo "2615"]

1.e4 e5 2.Nf3 Nc6 3.Bb5 a6 4.Ba4 Nf6 5.O-O b5 6.Bb3 Bb7 7.Re1 Bc5 8.c3 d6
9.d4 Bb6 10.Be3 O-O 11.Nbd2 h6 12.h3 exd4 13.cxd4 Nb4 14.Qb1 c5 15.d5 c4
16.Bc2 Nd7 17.a3 Nxc2 18.Qxc2 f5 19.Bxb6 Qxb6 20.exf5 Bxd5 21.Re7 Qd8 22.Re3 Nc5
23.g4 Qd7 24.Qc3 Rae8 25.Qd4 Bxf3 26.Nxf3 Rxe3 27.fxe3 Qc6 28.Rf1 Nd3 29.Nh4 Qc5
30.Qe4 Qe5 31.Qxe5 dxe5 32.Ng6 Re8 33.f6 Kf7 34.fxg7+ Kxg7 35.Nh4 Nxb2 36.Nf5+ Kh7
37.Nd6 Rd8 38.Ne4 Kg7 39.Rf6 Rc8 40.Rd6 c3 41.Rd7+ Kf8  0-1

[Event "DEN-ch"]
[Site "DEN"]
[Date "1991.??.??"]
[Round "1"]
[White "Mortensen, Erling"]
[Black "Schandorff, Lars"]
[Result "1-0"]
[WhiteElo "2450"]
[BlackElo "2425"]

1.e4 e5 2.Nf3 Nc6 3.Bb5 a6 4.Ba4 Nf6 5.O-O b5 6.Bb3 Bb7 7.Re1 Bc5 8.c3 d6
9.d4 Bb6 10.a4 Qe7 11.axb5 axb5 12.Rxa8+ Bxa8 13.Na3 Na7 14.Bg5 h6 15.Bh4 g5
16.Bg3 Nd7 17.Nc2 h5 18.h4 g4 19.Ng5 f6 20.Ne6 Nf8 21.Nxf8 Kxf8 22.Kh2 Nc8
23.f3 Qg7 24.Rf1 Ke8 25.Ne3 Ne7 26.Qd3 gxf3 27.Rxf3 Bc6 28.Be6  1-0